000 00750nam0a22002531 4500
001 rc\115348
005 20250620185443.0
010 _a5-88590-173-2
_935000
035 _a(NLR Aleph) 005374422
090 _a7034284
_c7034284
100 _a20021216d1995 |||y0rusy50 ca
101 0 _arus
102 _aRU
105 _ay |||||||||
200 1 _aОбманутая любовь
_e[Роман]
_fЛаура Тейлор
_g[Пер. с англ. О.А. Меликян]
210 _aСмоленск
_cФирма "Русич"
_d1995
215 _a185, [1] с.
_d17
225 1 _aКармен
700 1 _aТейлор
_bЛ.
_gЛаура
801 0 _aRU
_bNLR
_gpsbo
801 1 _aRU
_bELAR
_2rusmarc
852 _aNLR
_j95-2/1061
942 _cBOOK
980 _aNB